[Event "Izhevsk Corporation Cup 6th"]
[Site "Izhevsk"]
[Date "2014.07.19"]
[Round "7"]
[White "Husnullin, Ramil"]
[Black "Stepanian, Artem"]
[Result "1/2-1/2"]
[WhiteElo "2148"]
[BlackElo "2008"]
[PlyCount "89"]
[EventDate "2014.07.12"]
[EventType "swiss"]
[EventRounds "9"]
[EventCountry "RUS"]
[SourceTitle "CBM 161 Extra"]
[Source "ChessBase"]
[SourceDate "2014.08.29"]
[SourceVersion "1"]
[SourceVersionDate "2014.08.29"]
[SourceQuality "1"]

1. d4 e6 2. c4 c5 3. d5 exd5 4. cxd5 d6 5. Nc3 Be7 6. Nf3 Nf6 7. Nd2 0-0 8. e4 Nfd7 9. Nc4 a6 10. Bf4 Nb6 11. Ne3 f5 12. exf5 Bxf5 13. Be2 Bg5 14. Bxg5 Qxg5 15. 0-0 Bg6 16. a4 Qf4 17. a5 N6d7 18. Ra4 Qf6 19. Qb3 Ra7 20. f4 Qd8 21. Bg4 Bd3 22. Rf3 c4 23. Nxc4 Nc5 24. Qb6 Nxa4 25. Nxa4 Bxc4 26. Be6+ Kh8 27. b3 Bxb3 28. Rxb3 Qxb6+ 29. axb6 Ra8 30. Rc3 a5 31. Bc8 Nd7 32. Bxd7 Rxf4 33. Rc7 Rb8 34. g3 Rb4 35. Kg2 h5 36. h4 Kh7 37. Bf5+ Kh6 38. Bc2 Rb5 39. Re7 Rf8 40. Rxb7 Rxd5 41. Rc7 Rd2+ 42. Kg1 Re8 43. Kf1 Ree2 44. b7 Rh2 45. Kg1 1/2-1/2

[Event "Izhevsk Corporation Cup 6th"]
[Site "Izhevsk"]
[Date "2014.07.18"]
[Round "6"]
[White "Stepanian, Artem"]
[Black "Shvanov, Georgiy"]
[Result "1-0"]
[WhiteElo "2008"]
[BlackElo "1887"]
[PlyCount "63"]
[EventDate "2014.07.12"]
[EventType "swiss"]
[EventRounds "9"]
[EventCountry "RUS"]
[SourceTitle "CBM 161 Extra"]
[Source "ChessBase"]
[SourceDate "2014.08.29"]
[SourceVersion "1"]
[SourceVersionDate "2014.08.29"]
[SourceQuality "1"]

1. Nf3 Nf6 2. c4 g6 3. e3 Bg7 4. d4 0-0 5. Be2 d5 6. 0-0 c5 7. dxc5 Qc7 8. cxd5 Qxc5 9. Nc3 Rd8 10. e4 e6 11. Qb3 exd5 12. Be3 d4 13. Nxd4 Rxd4 14. Na4 Qe7 15. Bxd4 Nc6 16. Bc5 Qc7 17. Qe3 b6 18. Ba3 b5 19. Bxb5 Ng4 20. Qg3 Be5 21. f4 Bd4+ 22. Kh1 a6 23. Be2 Ne3 24. Rfc1 Qa5 25. Nc5 Qd2 26. Bf3 Na5 27. e5 Rb8 28. Ne4 Qd3 29. Nf6+ Kg7 30. Be4 Qe2 31. Qh4 h6 32. Qxh6+ 1-0